Quizzes
Events
Quiz Creation
Community
Videos
Private Events
Remove Ads
Sign In
Join for FREE
Feedback
Dark Mode
Quiz Categories
Sports
Geography
Music
Movies
Television
Just For Fun
Miscellaneous
History
Literature
Language
Science
Gaming
Entertainment
Religion
Holiday
For Kids
Quiz Lab
Recent
Popular Today
Quiz Kudos Today
Editor Picks
Curator Picks
Quizzes by...
Day
Popularity
Type
Ratings
Length
Year
Community
Subscriptions
Recent Discussions
Orange Saloon
Badges
Playlists
Quests
Create
Leaderboards
Showdown
Live 5
Trivia Bingo
Activity
Puzzle Library
Sporcle Events
Private Events
Virtual Trivia
Globe League
Become a Host
Pub Owners
SporcleCon
Opinionation
Our Games
Videos
Blog
Mobile Apps
Partnerships
Remove Ads and Go Orange
Feedback
Gaming
Video Games
Board Games
Card Games
Pokémon
Mario
Nintendo
Minecraft
Console
Toys
Legend of Zelda
Gaming
Video Games
Board Games
Card Games
Pokémon
Mario
Nintendo
Minecraft
Console
Toys
Legend of Zelda
Random Quiz
Search Sporcle
×
Quiz Lab
Quiz Lab
Gaming
Pokémon
Type in answers that appear in a list
Type in answers that appear in a list
Classic
Best Score? Go Orange.
Pokemon Base Stats = 500 or more Stats
Can you name the Pokemon whose base stats equal at least 500? (Gen I-VI)
By
Jordan4Flyers
18m
180 Questions
613 Plays
613 Plays
613 Plays
Comments
Comments
Give Quiz Kudos
Give Quiz Kudos
-
- Ratings
hide this ad
More Info
Replay
Link that replays current quiz
Next Quiz
Link to next quiz in quiz playlist
You Got
0%
They Got
Avg Score
84%
Avg Friend Score
Upgrade to see
Score Distribution
Jump to the score distribution portion of the page
Score
0/180
Timer
18:00
0
Plays Today
Gen (Stats)
Pokemon
% Correct
1 (680)
Mewtwo
98.2%
1 (600)
Mew
98.2%
2 (680)
Ho-Oh
97.4%
2 (680)
Lugia
97.1%
1 (600)
Dragonite
96.9%
4 (680)
Dialga
96.7%
4 (680)
Palkia
96.7%
1 (580)
Articuno
96.6%
4 (720)
Arceus
96.4%
1 (580)
Moltres
96.4%
4 (680)
Giratina
96.1%
3 (670)
Groudon
95.9%
5 (580)
Zapdos
95.9%
3 (670)
Kyogre
95.8%
2 (600)
Celebi
95.8%
1 (534)
Charizard
95.6%
3 (680)
Rayquaza
95.3%
3 (600)
Salamence
94.9%
2 (600)
Tyranitar
94.6%
2 (580)
Entei
94.1%
5 (680)
Zekrom
94%
4 (670)
Regigigas
94%
3 (670)
Slaking
94%
4 (600)
Darkrai
94%
2 (580)
Raikou
94%
3 (580)
Regirock
94%
5 (680)
Reshiram
93.8%
4 (600)
Garchomp
93.8%
3 (580)
Regice
93.8%
3 (580)
Registeel
93.6%
2 (580)
Suicune
93.6%
3 (600)
Latias
93.5%
3 (600)
Latios
93.5%
1 (530)
Blastoise
93.3%
1 (525)
Venusaur
93.3%
3 (600)
Metagross
93%
5 (660)
Kyurem
92.7%
3 (600)
Jirachi
92.3%
4 (600)
Heatran
92.2%
1 (540)
Gyarados
92%
1 (535)
Lapras
92%
6 (680)
Yveltal
91.8%
1 (555)
Arcanine
91.8%
3 (530)
Blaziken
91.8%
6 (680)
Xerneas
91.7%
4 (530)
Empoleon
91.7%
4 (600)
Cresselia
91.4%
5 (600)
Hydreigon
91.4%
3 (535)
Swampert
91.4%
2 (534)
Typhlosion
91.4%
4 (534)
Infernape
91%
3 (600)
Deoxys
90.9%
2 (530)
Feraligatr
90.4%
3 (530)
Sceptile
90.4%
4 (525)
Torterra
90.4%
2 (525)
Meganium
90.2%
5 (600)
Landorus
89.7%
5 (528)
Emboar
89.7%
1 (515)
Aerodactyl
89.4%
1 (540)
Snorlax
89.2%
Gen (Stats)
Pokemon
% Correct
6 (600)
Diancie
89.1%
5 (580)
Tornadus
88.9%
4 (580)
Uxie
88.9%
2 (540)
Kingdra
88.9%
5 (550)
Volcarona
88.7%
6 (600)
Goodra
88.6%
4 (540)
Electivire
88.6%
4 (535)
Magnezone
88.6%
5 (600)
Genesect
88.4%
4 (600)
Shaymin
88.4%
4 (580)
Azelf
88.4%
4 (580)
Mesprit
88.4%
6 (530)
Greninja
88.4%
3 (520)
Flygon
88.4%
1 (525)
Flareon
88.3%
4 (540)
Magmortar
88.1%
5 (580)
Cobalion
87.9%
1 (525)
Jolteon
87.9%
1 (500)
Gengar
87.9%
6 (600)
Zygarde
87.6%
2 (525)
Umbreon
87.6%
1 (525)
Vaporeon
87.6%
2 (535)
Crobat
87.4%
2 (525)
Espeon
87.4%
6 (600)
Volcanion
87.3%
5 (580)
Terrakion
87.3%
4 (600)
Manaphy
87.1%
5 (580)
Thundurus
87.1%
5 (580)
Virizion
87.1%
4 (545)
Togekiss
87.1%
5 (528)
Serperior
87.1%
4 (525)
Leafeon
87.1%
3 (518)
Gardevoir
87.1%
6 (534)
Delphox
86.9%
6 (530)
Chesnaught
86.9%
5 (528)
Samurott
86.9%
4 (525)
Glaceon
86.8%
5 (600)
Victini
86.6%
2 (510)
Steelix
86.6%
1 (500)
Alakazam
86.6%
2 (500)
Scizor
86.6%
5 (580)
Keldeo
86.5%
6 (600)
Hoopa
86%
1 (505)
Machamp
85.8%
4 (535)
Rhyperior
85.2%
5 (567)
Archeops
84.8%
4 (525)
Lucario
84.8%
5 (540)
Haxorus
84.7%
4 (530)
Mamoswine
84.7%
5 (520)
Chandelure
84.7%
3 (530)
Aggron
84.5%
4 (518)
Gallade
84.5%
1 (510)
Poliwrath
84.3%
5 (600)
Meloetta
83.8%
6 (525)
Sylveon
83.7%
1 (525)
Cloyster
83.4%
2 (540)
Blissey
83.2%
1 (520)
Starmie
83.2%
1 (520)
Exeggutor
82.9%
1 (505)
Nidoking
82.2%
Gen (Stats)
Pokemon
% Correct
1 (505)
Nidoqueen
82.1%
1 (500)
Scyther
82.1%
3 (530)
Walrein
81.9%
2 (500)
Heracross
81.6%
4 (510)
Weavile
81.4%
1 (515)
Tentacruel
80.9%
3 (540)
Milotic
80.4%
4 (510)
Gliscor
80.3%
6 (520)
Aegislash
79.9%
1 (500)
Pinsir
79.9%
6 (521)
Tyrantrum
79.6%
6 (552)
Florges
79.4%
6 (535)
Noivern
79%
4 (525)
Dusknoir
78.5%
4 (505)
Honchkrow
78.1%
6 (521)
Aurorus
77.7%
4 (535)
Tangrowth
77.5%
2 (500)
Houndoom
77%
5 (519)
Krookodile
76.5%
1 (505)
Ninetales
76.5%
2 (505)
Shuckle
75%
4 (523)
Luxray
74.7%
5 (505)
Conkeldurr
74.6%
6 (500)
Hawlucha
74.2%
3 (500)
Claydol
74.1%
2 (510)
Ampharos
73.7%
6 (507)
Pyroar
73.7%
4 (515)
Roserade
73.4%
4 (525)
Hippowdon
73.2%
4 (515)
Yanmega
73.1%
4 (500)
Bronzong
72.9%
6 (514)
Avalugg
72.6%
1 (500)
Muk
72.6%
1 (500)
Rapidash
72.6%
4 (500)
Drapion
72.4%
4 (535)
Porygon-Z
72.3%
5 (515)
Gigalith
71.5%
6 (500)
Carbink
71.5%
5 (520)
Klinklang
71%
5 (515)
Eelektross
69.8%
5 (500)
Leavanny
69.8%
5 (535)
Vanilluxe
69.7%
5 (508)
Excadrill
69.7%
4 (525)
Probopass
69%
5 (510)
Braviary
69%
5 (510)
Mandibuzz
68.7%
3 (500)
Wailord
68.7%
5 (509)
Seismitoad
68.2%
6 (531)
Gogoat
65.6%
4 (515)
Lickilicky
65.6%
5 (510)
Zoroark
64.6%
2 (515)
Porygon2
63.5%
6 (500)
Barbaracle
62.5%
2 (500)
Donphan
61.7%
2 (500)
Ursaring
61%
2 (500)
Politoed
60.8%
5 (510)
Mienshao
59.5%
6 (500)
Clawitzer
56.3%
1 (500)
Golduck
55.8%
5 (500)
Stoutland
54.6%
Quiz Playlist
Details
Report
Send in Message
Add To Playlist
More Info:
This quiz does not include mega evolutions, primal forms, or any other sort of change that boosts a Pokémon's stats.
Classic:
Type in answers that appear in a list
Last Updated: Feb 16, 2017
Quiz Scoreboard
CHALLENGE
Sign Up to Join the Scoreboard
Show All
Scores
Hide
Comments
May contain spoilers
Recently Published
An Introduction to Baseball
by treessimontrees
Sports
5m
Movies - When Are They Set?
by FPL_Elf
Movies
5m
Popular People in 1961
by mucciniale
History
6m
More to Explore
Quiz From the Vault
Featured Blog Post
Where Did the Easter Bunny Come From?
hide this ad
You Might Also Like...
Tags
Pokémon Quiz
500
Stat Pokémon
Today's Top Quizzes in Gaming
Browse Gaming
hide this ad
Today's Top Quizzes in Pokémon
Browse Pokémon
Top Contributed Quizzes in Gaming
1
Destiny 2 exotic weapons by perk icons
2
Ultimate Genshin Impact Logic Puzzle (up to 4.3)
3
5-to-1: Consoles
4
Genshin Impact Logic Puzzle Quiz
5
Franchise by Action Figure
6
Who's on the WWE 2K24 Cover?
7
Windmill: Pokémon
8
Legendary or Exotic?
9
Overwatch 2: Ultimate Ability Icons
10
5-to-1: Legend of Zelda
Explore More
Trending Topics
Kpop
Harry Potter
Crossword
Disney
Anime
Marvel
NBA
Soccer
Pokémon
Puzzle
WWE
Country
Song
NFL
The Office
hide this ad
More By:
Jordan4Flyers
Quiz
Plays
Rating
Category
Featured
Created
Pokémon Evolutions with the Same First Letter
48,261
4.37
Gaming
Jun 17, 2015
Pokemon Fully Evolved Pure-Types (Gen I-VI)
4,461
4.56
Gaming
Jun 23, 2015
Top 10 Stats, Non-Legendary Pokemon by Type (Gen I-VI)
951
5.00
Gaming
Jun 3, 2015
Pokemon Evolution Type Changes
864
4.71
Gaming
Jun 9, 2015
Pokemon Ultimate Alphabet Challenge
846
5.00
Gaming
Jun 8, 2015
Go to Creator's Profile
Score Distribution
Quiz Creator Spotlight
Jordan4Flyers
Follow
Send a Message
Quizzes Created
-
Created Quiz Play Count
-
More By This Creator
Popular Quizzes Today
1
Find the Countries of Europe - No Outlines Minefield
2
Find the US States - No Outlines Minefield
3
The Countries of the World
4
Popular People in 1961
5
US States
6
1-10 Letter E Words III
7
Find the US States
8
One Thing in Common: World Cities II
More Gaming Quizzes
Fortnite Battle Royale: Consumables
Quiz Lab
Trending Quizzes
Risky Map Clicking: Least Populous States A-Z
1-10 Letter F Words
1-10 Letter G Words
One Thing in Common: United Kingdom
Risky Map Clicking: Next State Alphabetically
Recently Updated
Leaping Animals
pecheneg
Reality TV Shows (A-Z)
bhenderson79
Rickey Henderson's Hall of Fame Teammates
pecheneg
Champions League XIs: Arsenal
pecheneg
Quick Pick: Celebrities in WWE's Hall of Fame
aduchscher
A-Z Keypad Blitz II
pecheneg
Multiple Oscar Actors
pecheneg
Mystery Phrase Blitz: Oscar 'Best Actors'
pecheneg
F. Scott Fitzgerald Novels
LTH
Pick 3 Villains
ddd62291
Trending Topics
Harry Potter
NBA
Marvel
Kpop
Crossword
Anime
Disney
WWE
Soccer
The Office
Country
Song
Puzzle
Pokémon
NFL
Your Account Isn't Verified!
In order to create a playlist on Sporcle, you need to verify the email address you used during registration. Go to your
Sporcle Settings
to finish the process.
Report this User
Report this user for behavior that violates our
Community Guidelines
.
Details:
Send Report
Go to the Sporcle.com Mobile Site →
Comments